Historia de la Iglesia / (Record n. 26154)

Dettagli MARC
000 -LEADER
fixed length control field 00846nam a2200241 i 4500
003 - CONTROL NUMBER IDENTIFIER
control field IT-RoINE
005 - DATE AND TIME OF LATEST TRANSACTION
control field 20180925115840.0
008 - FIXED-LENGTH DATA ELEMENTS--GENERAL INFORMATION
fixed length control field 990625s1947 sp |r 001|| spa|d
040 ## - CATALOGING SOURCE
Original cataloging agency ES-MaCSI
Transcribing agency VL IT-RoINE
Modifying agency IT-RoINE
100 1# - MAIN ENTRY--PERSONAL NAME
Personal name Boulenger, A.
9 (RLIN) 51780
245 10 - TITLE STATEMENT
Title Historia de la Iglesia /
Statement of responsibility, etc traducida del frances y completada con la Historia eclesiastica de España y America por el P. Arturo Garcia de la Fuente.
250 ## - EDITION STATEMENT
Edition statement 3ª ed.
260 ## - PUBLICATION, DISTRIBUTION, ETC. (IMPRINT)
Place of publication, distribution, etc Barcelona :
Name of publisher, distributor, etc Editorial Litúrgica Española,
Date of publication, distribution, etc 1947.
300 ## - PHYSICAL DESCRIPTION
Extent 961 p. ;
Dimensions 19 cm.
336 ## - CONTENT TYPE
Source rdacontent
Content type term text
337 ## - MEDIA TYPE
Source rdamedia
Media type term unmediated
338 ## - CARRIER TYPE
Source rdacarrier
Carrier type term volume
500 ## - GENERAL NOTE
General note Incluye índice.
610 #4 - SUBJECT ADDED ENTRY--CORPORATE NAME
9 (RLIN) 1635
Corporate name or jurisdiction name as entry element Iglesia Católica
General subdivision Historia
650 #4 - SUBJECT ADDED ENTRY--TOPICAL TERM
9 (RLIN) 15054
Topical term or geographic name as entry element Iglesia
General subdivision Historia
700 1# - ADDED ENTRY--PERSONAL NAME
Personal name García de la Fuente, Arturo,
9 (RLIN) 49692
Dates associated with a name 1902-1936
942 ## - ADDED ENTRY ELEMENTS (KOHA)
Item type Monografías
Dati di copia
Withdrawn status Lost status Damaged status Not for loan Home library Current library Date acquired Total Checkouts Full call number Barcode Date last seen Price effective from Koha item type
        Iglesia Nacional Española en Roma Iglesia Nacional Española en Roma 19/07/2018   HIS.ECL 240 51782 19/07/2018 19/07/2018 Monografías